000 00879naa a22002657a 4500
001 BR8203548
003 BR-BrBNA
005 20250721143203.0
007 ta
008 250630b bl.|||m| |||| 00| 0 por d
040 _aBR-BrBNA
_bpor
_cBiblioteca Nacional de Agricultura
041 _a(Pt)
072 _aF10
_b/G514
090 _aF10 BR8203548
100 1 _aEllis, J.
100 1 _aBarros, C.R. de
245 1 _aProbabilidade para a altura de chuva mensal e anual em uma rede de estacoes selecionadas no Brasil
500 _aBoletim tecnico Brasilia, DF (Brasil): 1982. p. 77-128 [44 tables; 8 ref.; Summaries (En, Pt)] (BR8203548-AMS)
650 _aCLIMA
650 _aCHUVA
650 _aPRECIPITACAO PLUVIAL
490 _aBoletim Tecnico - Instituto Nacional de Meteorologia (Brazil)
_vno. 22
942 _cAMS
_2AGRIS
909 _a202506
_bLúcia
_c55
_dLúcia Elande
999 _c334208
_d334208